000 00420nam a2200145Ia 4500
008 090124s9999 xx 000 0 und d
082 _b304489
245 _a दोस्त माझा मस्त
250 _a1
260 _bतरवडे विजय
_c2002
300 _a144
630 _a दोस्त माझा मस्त
730 _a दोस्त माझा मस्त
942 _cBOOK
999 _c194418
_d194418